| 000 | 00530nam a2200133Ia 4500 | ||
|---|---|---|---|
| 008 | 170516s9999 xx 000 0 und d | ||
| 245 | _aLipomatous metaplasia identified in rabbits with reperfused myocardial infarction by 3.0 T magnetic resonance imaging and histopathology | ||
| 260 | _bBMC Medical Imaging | ||
| 260 | _c2013 | ||
| 300 | _a13: | ||
| 650 | _xMedical Technology | ||
| 650 | _xMedtech | ||
| 856 | _uhttp://bmcmedimaging.biomedcentral.com/articles?tab=keyword&searchType=journalSearch&sort=PubDate&volume=13&page=2 | ||
| 999 |
_c330427 _d330427 |
||